|
|
|
|
| LEADER |
00000cam a2200000 a 4500 |
| 001 |
vtls011574772 |
| 003 |
SK-MaSNL |
| 005 |
20260301092655.0 |
| 008 |
171215s2016 xo oa c 000 0 slo |
| 015 |
|
|
|a SNBA2016/10
|
| 020 |
|
|
|a 9788010029235
|q (brož.)
|
| 035 |
|
|
|a 3539EBF4-0335-42C9-A6D2-5F02D6F6E75B
|
| 035 |
|
|
|a urn:nbn:sk:snk-amth4b
|
| 035 |
|
|
|a urn:nbn:sk:snk-am00by50
|
| 040 |
|
|
|a SNK
|b slo
|c SNK
|e AACR2
|
| 041 |
0 |
|
|a slo
|
| 044 |
|
|
|a xo
|c SK
|
| 072 |
|
7 |
|a 373.2/.3
|x Predškolská a primárna výchova a vzdelávanie
|2 konspekt
|
| 072 |
|
7 |
|a 028
|x Čítanie
|2 konspekt
|
| 080 |
|
|
|a 37.016:82
|2 2011
|
| 080 |
|
|
|a 316.344.6-056.263-053.2
|2 2011
|
| 080 |
|
|
|a (075.2)
|2 2011
|
| 080 |
|
|
|a 028
|2 2011
|
| 100 |
1 |
|
|a Vargová, Eva
|c (pedagogička)
|4 aut
|9 55966
|
| 245 |
1 |
0 |
|a Čítanka
|b pre 4. ročník základných škôl pre sluchovo postihnutých
|c Eva Vargová, Zuzana Sznidová, Zdenka Cirjaková ; [ilustrácie Ľuba Suchalová]
|
| 250 |
|
|
|a 2. vyd.
|
| 260 |
|
|
|a Bratislava
|b Slovenské pedagogické nakladateľstvo - Mladé letá
|c 2016
|
| 300 |
|
|
|a 118 s.
|b fareb. fotogr. a ilustr.
|c 30 cm
|
| 650 |
0 |
7 |
|a literárna výchova
|2 SNKPH
|9 1653
|
| 650 |
0 |
7 |
|a sluchovo postihnuté deti
|2 SNKPH
|9 1077
|
| 650 |
0 |
7 |
|a Literary education
|2 SNKPHeng
|9 274096
|
| 650 |
0 |
7 |
|a Hearing impaired children
|2 SNKPHeng
|9 337235
|
| 650 |
0 |
7 |
|a čítanie
|2 SNKPH
|9 1654
|
| 650 |
0 |
7 |
|a Reading
|2 SNKPHeng
|9 276976
|
| 655 |
|
7 |
|a čítanky
|2 SNKPH
|9 60817
|
| 655 |
|
7 |
|a učebnice špeciálnych základných škôl
|2 SNKPH
|9 70204
|
| 655 |
|
7 |
|a Readers
|2 SNKPHeng
|9 300493
|
| 655 |
|
7 |
|a Textbooks (elementary)
|2 SNKPHeng
|9 276977
|
| 700 |
1 |
|
|a Sznidová, Zuzana
|4 aut
|9 314029
|
| 700 |
1 |
|
|a Cirjaková, Zdenka
|4 aut
|9 314030
|
| 700 |
1 |
|
|a Suchalová Harichová, Ľubica,
|d 1958-
|4 ill
|9 239876
|
| 852 |
|
|
|a Štátna vedecká knižnica v Banskej Bystrici
|
| 919 |
|
|
|a 978-80-10-02923-5
|
| 999 |
|
|
|c 674739
|d 676669
|
| 952 |
|
|
|a SNK
|b SNK
|y PREZ
|7 0
|p 17A1214059
|o snkSB 90577
|i snk2016/21053
|8 0
|0 0
|1 0
|4 0
|d 2016-09-09
|f 1
|l 0
|r 2025-05-13 00:00:00
|w 2026-02-23
|
| 952 |
|
|
|a SNK
|b SNK
|y VYP
|7 0
|p 17A1214060
|o snkSB 90577 D1
|i snk2016/21054
|8 0
|0 0
|1 0
|4 0
|d 2016-09-09
|l 0
|r 2026-02-23 19:38:33
|w 2026-02-23
|